000 00576nam a22002057a 4500
003 OSt
005 20140310182927.0
008 130130t xxu||||| |||| 00| 0 eng d
020 _a9789715420839
050 _a PL5535
_b.Y1 1975
082 _aF899.210301
_b.P552 2008
245 _aPhilippine short stories 1925-1940
_cYabes, Leopoldo Y.
260 _aQuezon City :
_bUniversity of the Philippines Press,
_c1975.
300 _a502 p. ;
_c23 cm.
521 _acollege students
526 _c1210L-1700L
541 _j1
562 _e1
942 _2lcc
_cBK
_kFIL
999 _c17449
_d17449